Southville International School and Colleges
Your cart is empty.
  • Cart
  • Lists
    Public lists Eva Luna New books Lux_list list_1
    Your lists Log in to create your own lists
  • Log in to your account
  • Your cookies
  • Search history
Southville International School and Colleges
  • Advanced search
  • Recent comments
  • Most popular
  • Libraries

Log in to your account

Log in with GOOGLE


If you do not have an external account, but do have a local account, you can still log in:

  1. Home
  2. MARC view: Ikigai :
Normal view MARC view ISBD view

Ikigai : (Record no. 368267)

[ view plain ]
MARC details
000 -LEADER
fixed length control field 01023nam a22002537a 4500
003 - CONTROL NUMBER IDENTIFIER
control field 0
005 - DATE AND TIME OF LATEST TRANSACTION
control field 20251021153628.0
008 - FIXED-LENGTH DATA ELEMENTS--GENERAL INFORMATION
fixed length control field 251017b xxu||||| |||| 00| 0 eng d
020 ## - INTERNATIONAL STANDARD BOOK NUMBER
International Standard Book Number 978-0-14-313072-7
050 ## - LIBRARY OF CONGRESS CALL NUMBER
Classification number BF 575.H27
Item number .G37 2017
100 ## - MAIN ENTRY--PERSONAL NAME
Personal name García, Héctor,
Relator term author.
245 ## - TITLE STATEMENT
Title Ikigai :
Remainder of title the Japanese secret to a long and happy life /
Statement of responsibility, etc Héctor García and Francesc Miralles ; translated by Heather Cleary.
260 ## - PUBLICATION, DISTRIBUTION, ETC. (IMPRINT)
Place of publication, distribution, etc London :
Name of publisher, distributor, etc Penguin Books,
Date of publication, distribution, etc 2017.
300 ## - PHYSICAL DESCRIPTION
Extent 194 pages ;
Dimensions 19 cm.
500 ## - GENERAL NOTE
General note Originally published in Spanish as "Ikigai: Los secretos de Japón para una vida larga y feliz."
504 ## - BIBLIOGRAPHY, ETC. NOTE
Bibliography, etc Includes bibliographical references.
520 ## - SUMMARY, ETC.
Summary, etc Explores the Japanese concept of "ikigai," or purpose in life, and how it contributes to happiness and longevity.<br/>
650 ## - SUBJECT ADDED ENTRY--TOPICAL TERM
Topical term or geographic name as entry element Happiness
General subdivision Psychological aspects.
650 ## - SUBJECT ADDED ENTRY--TOPICAL TERM
Topical term or geographic name as entry element Conduct of life.
650 ## - SUBJECT ADDED ENTRY--TOPICAL TERM
Topical term or geographic name as entry element Self-realization.
700 ## - ADDED ENTRY--PERSONAL NAME
Personal name Miralles, Francesc,
Relator term author.
700 ## - ADDED ENTRY--PERSONAL NAME
Personal name Cleary, Heather,
Relator term author.
942 ## - ADDED ENTRY ELEMENTS (KOHA)
Source of classification or shelving scheme Library of Congress Classification
Koha item type Books
Holdings
Withdrawn status Lost status Source of classification or shelving scheme Damaged status Home library Current library Shelving location Date acquired Source of acquisition Total Checkouts Full call number Barcode Date last seen Price effective from Koha item type Date checked out Checked out
    Library of Congress Classification   Luxembourg Library Luxembourg Library Teachers Reference Section 11/19/2024 Library Fund   BF 575.H27 .G37 2017 21354 10/17/2025 10/17/2025 Books    
    Library of Congress Classification   Luxembourg Library Luxembourg Library High School Section 11/19/2024 Library Fund 1 BF 575.H27 .G37 2017 21407 10/21/2025 10/17/2025 Books 10/21/2025  
    Library of Congress Classification   Luxembourg Library Luxembourg Library High School Section 11/19/2024 Library Fund   BF 575.H27 .G37 2017 21406 10/17/2025 10/17/2025 Books    
    Library of Congress Classification   Luxembourg Library Luxembourg Library High School Section 11/19/2024 Library Fund 2 BF 575.H27 .G37 2017 21405 11/28/2025 10/17/2025 Books 11/28/2025 12/05/2025

Ikigai :

APA

García H., Miralles F. & Cleary H. (2017). Ikigai. London: Penguin Books.

Chicago

García Héctor, Miralles Francesc and Cleary Heather. 2017. Ikigai. London: Penguin Books.

Harvard

García H., Miralles F. and Cleary H. (2017). Ikigai. London: Penguin Books.

MLA

García Héctor, Miralles Francesc and Cleary Heather. Ikigai. London: Penguin Books. 2017.

  • Place hold
  • Print
  • Cite
  • Add to your cart (remove)
  • Save record
    BIBTEX Dublin Core MARCXML MARC (non-Unicode/MARC-8) MARC (Unicode/UTF-8) MARC (Unicode/UTF-8, Standard) MODS (XML) RIS
  • More searches
    Search for this title in:
    Other Libraries (WorldCat) Other Databases (Google Scholar) Online Stores (Bookfinder.com) Open Library (openlibrary.org)

Exporting to Dublin Core...

SOUTHVILLE LIBRARY

Southville International School and Colleges Library

1281 Tropical Ave. Cor. Luxembourg St., BF Homes International, Las Pinas City

Tel. No. 8256374 / 252358 Loc. 117/146

Powered by Koha